000 00828na a2200277 4500
001 14099
003 MIRAKIL
005 20181213154921.0
008 161101b tu 000 0
020 _a9755094695
035 _a14099
040 _aMilas
_btur
_cTR-AnCHP
041 _atur
082 _a923.33 Çarmıklı,N.
_bÇ26b 2006
090 _a923.33 Çarmıklı,N. Ç26b 2006
100 _aÇarmıklı, Nurettin
245 _aBabama söz verdim
_bHayatım, anılarım
_cNurettin Çarmıklı
246 _aHayatım, anılarım
260 _aAnkara
_bArkadaş
_c2006
300 _a400 s.
_bres.
_c25 sm.
600 _aÇarmıklı, Nurettin
_xAnılar
650 _aGirişimciler
_xAnılar
_zTürkiye
650 _aİş adamları
_xAnılar
_zTürkiye
651 _aTürkiye
_xSosyo ekonomik durum
942 _2ddc
_cBKS
999 _c3110
_d3110